TSCHECHISCHER EINFLUSS AUF DAS OBERSORBISCHE Einige Bemerkungen

Bibliographic Details
Main Author: Vykypěl, Bohumil (Author)
Format: Article
Language:German
ISBN:9783866880849 viaz

MARC

LEADER 00000naa a2200000uu 4500
001 vtls010950739
003 SK-MaSNL
005 20260302125544.0
008 210906|2010 xo |||||||||||||||||ger|
015 |a SNBRA 
035 |a (urnnbn)urn:nbn:sk:snk:ar-a0bjh1 
035 |a (uuid)0b956bc2-26bf-4df3-9a4b-c8a2af9b3725 
035 |a urn:nbn:sk:snk-aaubiv 
040 |a SNKBUCL  |b slo  |c SNKBUCL  |e AACR2 
041 0 |a ger 
044 |a xo  |c SK 
100 1 |a Vykypěl, Bohumil  |4 aut  |9 808084 
245 1 0 |a TSCHECHISCHER EINFLUSS AUF DAS OBERSORBISCHE  |b Einige Bemerkungen  |c Bohumil Vykypěl 
773 0 |t Beiträge der Europäischen Slavistischen Linguistik (POLYSLAV)  |d München : Otto Sagner, 2010  |g S. [268]-271  |z 9783866880849 viaz 
958 |a OND 
958 |a article11 
958 |a chapter 
999 |c 1294313  |d 1296243